000 00548nam a2200169 4500
001 108685
003 ES-MaACL
005 20230906184704.0
007 t|
008 061121s1905 it r ||||1| ita d
100 1 _aMonti, Vincenzo (
_d1754-1828)
_9130112
245 1 0 _aPoesie /
_cdi Vicenzo Monti; scelte illustrate e commentate per eura de Guido Zaccagnini.
260 _aMilano :
_b[s.n.,
_c1905] (
_fStal. Remith d'Arth Garffiche)
300 _aXXXVI, 248 p. ;
_c19 cm.
700 1 _aZaccagnini, Guido.
_9117814
852 _aES-MaACL
_jF-11515
999 _c108685
_d108685